Il deserto dei tartari, un romanzo a lieto fine : una rilettura del capolavoro di Dino Buzzati /

Bibliographic Details
Main Author: Bellaspiga, Lucia, 1963- (Author)
Format: Book
Language:Italian
Published: Milano : Àncora, [2014]
Series:Maestri di frontiera.
Subjects:

MARC

Tag First Indicator Second Indicator Subfields
LEADER 00000cam a2200000 i 4500
001 in00003539331
005 20151105224211.0
008 130909t20142014it 000 0 ita d
010 |a  2014401696 
020 |a 9788851412142 
020 |a 8851412146 
035 |a (OCoLC)ocn894899620 
040 |a ItFiC  |e rda  |c C3L  |d DLC  |d TXA  |d UtOrBLW 
042 |a lccopycat 
049 |a TXAM 
050 0 0 |a PQ4807.U83  |b D462 2014 
082 0 0 |a 853/.914  |2 23 
100 1 |a Bellaspiga, Lucia,  |d 1963-  |e author. 
245 1 3 |a Il deserto dei tartari, un romanzo a lieto fine :  |b una rilettura del capolavoro di Dino Buzzati /  |c Lucia Bellaspiga. 
264 1 |a Milano :  |b Àncora,  |c [2014] 
264 4 |c ©2014 
300 |a 110 pages ;  |c 21 cm. 
336 |a text  |b txt  |2 rdacontent 
337 |a unmediated  |b n  |2 rdamedia 
338 |a volume  |b nc  |2 rdacarrier 
490 1 |a Collana Maestri di frontiera 
500 |a Includes index. 
600 1 0 |a Buzzati, Dino,  |d 1906-1972.  |t Deserto dei tartari. 
830 0 |a Maestri di frontiera. 
948 |a cataloged  |b h  |c 2015/7/10  |d c  |e dmitchel  |f 9:20:10 am 
994 |a C0  |b TXA 
999 |a MARS 
999 f f |s 7a4dce18-fee8-33d6-920a-91d282f84833  |i b131e30f-c6d6-350e-8506-5d3629bcf515  |t 0 
952 f f |p normal  |a Texas A&M University  |b College Station  |c Sterling C. Evans Library  |d Evans: Library Stacks  |t 0  |e PQ4807.U83 D462 2014  |h Library of Congress classification  |i unmediated -- volume  |m A14842810559 
998 f f |a PQ4807.U83 D462 2014  |t 0  |l Evans: Library Stacks